Chủ nghĩa đế quốc ở Đông Dương với chính sách tài chính của toàn quyền Pôn Dumr (Paul Doumer) đầu thế kỷ XX /

Сохранить в:
Библиографические подробности
Главный автор: Hồ Tuấn Dung, ThS.
Формат: Статья
Язык:Vietnamese
Предметы:
Метки: Добавить метку
Нет меток, Требуется 1-ая метка записи!
Thư viện lưu trữ: Thư viện Trường Đại học Đà Lạt
LEADER 00875nam a2200265 4500
001 DLU090088404
005 ##20091104
040 # # |a DLU  |b vie 
041 # # |a vie 
044 # # |a vn 
100 # # |a Hồ Tuấn Dung,   |c ThS. 
245 # # |a Chủ nghĩa đế quốc ở Đông Dương với chính sách tài chính của toàn quyền Pôn Dumr (Paul Doumer) đầu thế kỷ XX /  |c Hồ Tuấn Dung. 
653 # # |a Chính sách xâm lược 
653 # # |a Chủ nghĩa đế quốc 
653 # # |a Toàn quyền Đông Dương 
773 # # |t Nghiên cứu Châu Âu  |g Số 3(45), 2002, tr. 73-75 
920 # # |a Phòng Tạp chí -- Trung tâm Thông tin - Thư viện Trường Đại học Đà Lạt 
994 # # |a DLU 
900 # # |a True 
911 # # |a Nguyễn Thị Linh Chi 
925 # # |a G 
926 # # |a A 
927 # # |a BB 
980 # # |a Thư viện Trường Đại học Đà Lạt